Años y leguas / (Registro nro. 32549)
[ vista simple ]
| 000 -CABECERA | |
|---|---|
| campo fijo de control de longitud | 00725nam a2200229 4500 |
| 001 - NÚMERO DE CONTROL | |
| campo de control | 32549 |
| 003 - IDENTIFICADOR DEL NÚMERO DE CONTROL | |
| campo de control | AR-RoBPED |
| 005 - FECHA Y HORADE LA ULTIMA TRANSACCION | |
| campo de control | 20260413101508.0 |
| 008 - ELEMENTOS DE LONGITUD FIJA--INFORMACION GENERAL | |
| campo fijo de control de longitud | 260410s1970 es |||er ||| 001 1 spa d |
| 040 ## - FUENTE CATALOGADORA | |
| Centro catalogador/agencia de origen | AR-RoBPED |
| 041 ## - IDIOMA | |
| Código de idioma para texto/pista de sonido o título independiente | spa |
| 100 1# - ENCABEZAMIENTO PRINCIPAL--AUTOR PERSONAL | |
| Nombre de persona | Miró, Gabriel |
| Fechas nac-muerte | 1879-1930 |
| 9 (RLIN) | 6989 |
| 245 1# - TITULO | |
| Título | Años y leguas / |
| Mención de responsabilidad | Gabriel Miro; prólogo de Mariano Baquero Goyanes. |
| 260 ## - PUBLICACION | |
| Lugar | Estella: |
| Editor | Salvat, |
| Fecha | 1970. |
| 300 ## - DESCRIPCION FISICA | |
| Extensión | 186 p. |
| 490 0# - SERIE | |
| Mención de serie | (Biblioteca Basica Salvat; |
| Designación de volumen o secuencia | N° 44) |
| 650 #4 - TERMINO DE MATERIA--CONTROLADO | |
| Término controlado | LITERATURA ESPAÑOLA |
| 9 (RLIN) | 687 |
| Término controlado | NOVELAS |
| 9 (RLIN) | 25 |
| 700 ## - ENCABEZAMIENTO SECUNDARIO--AUTOR PERSONAL | |
| Nombre de persona | Baquero Goyanes, Mariano |
| Fecha de nac-muerte | 1923-1984 |
| 9 (RLIN) | 30710 |
| Función | prol. |
| 942 ## - ELEMENTOS KOHA | |
| Fuente de clasificación | Universal Decimal Classification |
| Número Koha | k. 32549 |
| Koha tipo de ítem | Libro |
| Clasificación | 860-31 |
| Signatura librística | M 63 a |
| Inventario | inv. 42376 |
| 945 ## - PROCESAMIENTO DE LA INFORMACIÓN LOCAL | |
| Catalogador y fecha | mm 10/04/2026 - cd 13/04/2026 |
| Estado retirado | Estado perdido | Fuente de clasificación | Estado dañado | No se presta | Biblioteca propietaria | Biblioteca de reserva | Fecha de adquisición | Procedencia | Total de préstamos | Signatura topográfica completa | Código de barras (nº de inventario) | Fecha visto por última vez | Catalogador y fecha | Tipo de ítem Koha | Nota pública |
|---|---|---|---|---|---|---|---|---|---|---|---|---|---|---|---|
| Universal Decimal Classification | Biblioteca Pedagógica Eudoro Díaz | Biblioteca Pedagógica Eudoro Díaz | 07/04/2026 | Donación | 860-31 M 63 a | 42376 | 10/04/2026 | mm 10/04/2026 | Libro | Se presta 15 días. |